000 00474pab a2200169 454500
008 180718b2001 xxu||||| |||| 00| 0 eng d
100 _aDairokuno, Kosaku
245 _aCorruption and rewards for high public offices: a Japanese experience
260 _c2001
300 _ap.102-17.
362 _aJan-Jun
650 _aCivil service - Japan
650 _aCorruption - Japan
650 _aCorruption
773 _aAsian Review of Public Administration
909 _a53270
999 _c53270
_d53270